000 00378nam a2200121Ia 4500
005 20251222143301.0
008 251222s9999||||xx |||||||||||||| ||spa||
082 _a372.84/L58
100 _aLía García, Nora
245 0 _aLa Educación Católica y la Sociedad del Conocimiento, Retos para la Evangelización
264 _bOficina Nacional de Educación Católica
942 _cLIB
999 _c15322
_d15322